Mystery in the tundra / (Path of the Ranger Book 3) (Record no. 363545)
[ view plain ]
| 000 -LEADER | |
|---|---|
| fixed length control field | 01922nam a22002177a 4500 |
| 008 - FIXED-LENGTH DATA ELEMENTS--GENERAL INFORMATION | |
| fixed length control field | 210809b |||||||| |||| 00| 0 eng d |
| 020 ## - INTERNATIONAL STANDARD BOOK NUMBER | |
| Linkage | 9798625158244 |
| Field link and sequence number | Paperback |
| 082 ## - DEWEY DECIMAL CLASSIFICATION NUMBER | |
| Edition number | 813.54 |
| 100 1# - MAIN ENTRY--PERSONAL NAME | |
| Personal name | Urvi, Pedro |
| 9 (RLIN) | 6423620 |
| Relator term | author |
| 245 ## - TITLE STATEMENT | |
| Title | Mystery in the tundra / (Path of the Ranger Book 3) |
| Statement of responsibility, etc | Pedro Urvi. |
| 264 #1 - Publisher, distributor, etc. | |
| Place of production, publication, distribution, manufacture | [USA] : |
| Name of producer, publisher, distributor, manufacturer | Independently published, |
| Date of production, publication, distribution, manufacture, or copyright notice | 2020 |
| 300 ## - PHYSICAL DESCRIPTION | |
| Extent | 360 p |
| 336 ## - CONTENT TYPE | |
| Content type term | text |
| 337 ## - MEDIA TYPE | |
| Media type term | unmediated |
| 338 ## - CARRIER TYPE | |
| Carrier type term | volume |
| 440 ## - SERIES STATEMENT/ADDED ENTRY--TITLE | |
| Title | Path of the Ranger : |
| Volume number/sequential designation | Book 3 |
| 9 (RLIN) | 6426288 |
| 520 ## - SUMMARY, ETC. | |
| Summary, etc | The war is intensifying. So is the training at the Camp. Will Lasgol and his friends survive both? The Corrupt Lord of the Ice has been rejected. King Uthar is seeking to kill him once and for all. But Darthor has retreated to the Frozen Continent with his forces.Lasgol and his friends are making every effort to pass their third year of instruction, where the tests change from practical competitions to real missions where they risk their lives. Conflicts, rivalries and love will emerge more strongly than ever.Egil and Lasgol will discover the truth about the King’s Secret and the identity of the real enemy. They will choose sides and try to persuade their teammates. Will they manage to?King Uthar will invade the Frozen Continent with his hosts to put an end to Darthor. The Rangers, including Lasgol and his friends, will find themselves involved in the campaign of war. They will discover the Mystery of the Tundra in the Frozen Continent and take part in the great battle for the North.Will Lasgol and his friends survive the third year of instruction? Will they survive the war in the North, the treachery and double-crossing?Find out in the third part of this fascinating series of young adult epic fantasy.Enjoy these action-filled, magical, romantic adventures! |
| 942 ## - ADDED ENTRY ELEMENTS (KOHA) | |
| Source of classification or shelving scheme | Dewey Decimal Classification |
| Item type | BOOK |
| Withdrawn status | Lost status | Source of classification or shelving scheme | Damaged status | Not for loan | Collection code | Home library | Current library | Shelving location | Date acquired | Source of acquisition | Serial Enumeration / chronology | Total Checkouts | Total Renewals | Full call number | Barcode | Date last seen | Date last borrowed | Cost, replacement price | Price effective from | Koha item type |
|---|---|---|---|---|---|---|---|---|---|---|---|---|---|---|---|---|---|---|---|---|
| Dewey Decimal Classification | Young Adult Fiction | Wasatch County Library | Wasatch County Library | Main Floor Teen Area | 04/11/2022 | Amazon | #3 Path of the Ranger | 4 | 5 | YA Urvi | 34301001840695 | 02/23/2024 | 11/29/2023 | 15.99 | 04/11/2022 | BOOK |
